Wisła Kraków - prawda czy fałsz? - Statystyki

Ogólne statystyki
  • Ten quiz został rozwiązany 359 razy
    330 od ostatniego zresetowania
  • Średni wynik to 10 z 15
Statystyki odpowiedzi
Zagadnienie Odpowiedź % Poprawnych
Prezesem Wisły Kraków jest Jarosław Królewski Prawda
95%
Wisła wygrała z Barceloną Prawda
94%
Wisła Kraków w derbach Krakowa na więcej wygranych niż porażek Prawda
93%
Wisła raz spadła z ekstraklasy w XXI wieku Prawda
86%
Wisła nie posiada Superpucharu Polski Fałsz
79%
Albert Rudé to aktualny Trener Wisły Kraków Fałsz
75%
Kapitanem jest Igor Łasicki Fałsz
70%
Vullnet Basha to aktualnie dyrektor sportowy Prawda
70%
Bracia Brożek spędzili w Wiśle razem ponad 25 sezonów Prawda
70%
Zawodnikiem z największą ilością występów w Wiśle jest Arkadiusz Głowacki Prawda
63%
Wisła wygrała 1 puchar Polski w XXI wieku Fałsz
62%
Najlepszym strzelcem w historii jest Kazimierz Kmiecik Prawda
55%
Wychowankiem Wisły jest Jakub Błaszczykowski Fałsz
41%
Wisła jest 3 trzecim zespołem w tabeli wszechczasów Ekstraklasy Fałsz
37%
Daniel Hoyo-Kowalski jest najmłodszym zawodnikiem w historii Wisły Fałsz
34%
Nie znaleziono quizów pasujących do podanych kryteriów
Rozkład punktacji
Procent ludzi z każdym wynikiem
Percentyl według liczby udzielonych odpowiedzi
Twoja historia wyników
Nie rozwiązałeś tego quizu od ostatniego zresetowania